|
|
|
|
| LEADER |
00000cam a2200000Mi 4500 |
| 001 |
EBOOKCENTRAL_ocn437106928 |
| 003 |
OCoLC |
| 005 |
20240329122006.0 |
| 006 |
m o d |
| 007 |
cr mn|---||||| |
| 008 |
090817s2008 ne o 000 0 eng d |
| 040 |
|
|
|a MERUC
|b eng
|e pn
|c MERUC
|d EBLCP
|d OCLCQ
|d DEBSZ
|d OCLCQ
|d ZCU
|d MERUC
|d ICG
|d OCLCO
|d OCLCF
|d OCLCQ
|d OCLCO
|d OCLCQ
|d OCLCO
|d DKC
|d OCLCQ
|d OCLCO
|d OCL
|d OCLCO
|d OCLCQ
|d OCLCO
|
| 019 |
|
|
|a 476251692
|
| 020 |
|
|
|a 9789048503865
|q (electronic bk.)
|
| 020 |
|
|
|a 9048503868
|q (electronic bk.)
|
| 029 |
1 |
|
|a DEBBG
|b BV044133598
|
| 029 |
1 |
|
|a DEBSZ
|b 396240089
|
| 035 |
|
|
|a (OCoLC)437106928
|z (OCoLC)476251692
|
| 043 |
|
|
|a e------
|
| 050 |
|
4 |
|a JN36.S345 2005
|
| 082 |
0 |
4 |
|a 324.4094
|a 324/.4094
|
| 084 |
|
|
|a 89.63
|2 bcl
|
| 049 |
|
|
|a UAMI
|
| 100 |
1 |
|
|a Van Schendelen, M. P. C. M.
|
| 245 |
1 |
0 |
|a Machiavelli in Brussels :
|b the Art of Lobbying the EU.
|
| 260 |
|
|
|a Amsterdam :
|b Amsterdam University Press,
|c 2008.
|
| 300 |
|
|
|a 1 online resource (381 pages)
|
| 336 |
|
|
|a text
|b txt
|2 rdacontent
|
| 337 |
|
|
|a computer
|b c
|2 rdamedia
|
| 338 |
|
|
|a online resource
|b cr
|2 rdacarrier
|
| 505 |
0 |
|
|a Summary Contents; Detailed Contents; Preface to Second Edition; List of Figures; List of Best Websites; List of Abbreviations; Ch. 1: The Europeanisation of Public Affairs; Ch. 2: The Playing Field: EU Common Decision-Making; Ch. 3: Pushing the Buttons of 'Brussels'; Ch. 4: Managing the EU Arena; Ch. 5: Managing the Home Front; Ch. 6: Managing the Fieldwork; Ch. 7: The Limits of EU Public Affairs Management; Ch. 8: Lobbying and EU Democracy; References; Index.
|
| 520 |
|
|
|a Brand-new fifth printing offers an analysis of the process and the elements of successful EU lobbying.
|
| 588 |
0 |
|
|a Print version record.
|
| 590 |
|
|
|a ProQuest Ebook Central
|b Ebook Central Academic Complete
|
| 610 |
2 |
0 |
|a European Union.
|
| 610 |
2 |
7 |
|a European Union
|2 fast
|
| 650 |
|
0 |
|a Lobbying
|z European Union countries.
|
| 650 |
|
6 |
|a Lobbying
|z Pays de l'Union européenne.
|
| 650 |
|
7 |
|a Lobbying
|2 fast
|
| 651 |
|
7 |
|a European Union countries
|2 fast
|
| 776 |
1 |
|
|z 9789053567661
|
| 856 |
4 |
0 |
|u https://ebookcentral.uam.elogim.com/lib/uam-ebooks/detail.action?docID=420135
|z Texto completo
|
| 938 |
|
|
|a EBL - Ebook Library
|b EBLB
|n EBL420135
|
| 994 |
|
|
|a 92
|b IZTAP
|